[Event "Mechanics' Neil Falconer TNM; 30/90, SD"]
[Site "San Francisco"]
[Date "2013.08.13"]
[Round "2.6"]
[White "Traub, Igor"]
[Black "Sarafian, Greg"]
[Result "1-0"]
[WhiteElo "2059"]
[BlackElo "1852"]
[PlyCount "76"]
[EventDate "2013.??.??"]

1. Nf3 d5 2. d3 Nf6 3. Nbd2 c6 4. e4 Bg4 5. e5 Nfd7 6. h3 Bh5 7. g4 Bg6 8. e6
fxe6 9. Qe2 e5 10. Nxe5 Nxe5 11. Qxe5 Nd7 12. Qg3 e5 13. Nf3 Bd6 14. Nh4 Qf6
15. Nxg6 Qxg6 16. Bd2 Qf6 17. g5 Qe7 18. O-O-O O-O-O 19. Be2 Rdf8 20. Rhf1 h5
21. Rde1 g6 22. Qh4 Rh7 23. Qa4 Kb8 24. d4 e4 25. Qb3 Rhf7 26. a4 Bf4 27. Bxf4+
Rxf4 28. h4 Ka8 29. c4 R8f5 30. cxd5 cxd5 31. a5 a6 32. Kb1 Qd6 33. Rc1 Rxf2
34. Rc8+ Ka7 35. Re1 Rf8 36. Rc2 R8f7 37. Rc8 Nb8 38. Rc5 Rd7 {Black is clearly
better at this point where both players quit keeping score but White
eventually won.} 1-0

[Event "Mechanics' Summer TNM; 30/90, SD/30"]
[Site "San Francisco"]
[Date "2013.07.09"]
[Round "7.11"]
[White "Traub, Igor"]
[Black "Todortsev, Victor"]
[Result "1/2-1/2"]
[WhiteElo "2074"]
[BlackElo "1916"]
[PlyCount "74"]
[EventDate "2013.??.??"]

1. Nf3 d6 2. d4 g6 3. g3 Bg7 4. Bg2 Nf6 5. O-O c6 6. c4 e6 7. Nc3 d5 8. Bg5 h6
9. Bf4 O-O 10. Qd2 Kh7 11. c5 Nbd7 12. b4 Re8 13. Bd6 Ne4 14. Nxe4 dxe4 15. Ne5
f5 16. Nxd7 Qxd7 17. Rad1 Qf7 18. f3 exf3 19. Bxf3 e5 20. dxe5 Be6 21. e4 Qd7
22. h4 Rad8 23. Qc2 h5 24. Kg2 f4 25. gxf4 Bh3+ 26. Kf2 Bxf1 27. Rxf1 Qf7 28.
Ke3 Bh6 29. Bg2 Rf8 30. Qf2 Qc4 31. Qd2 Rf7 32. Bh3 Re8 33. Rf3 b6 34. Bf1 Qe6
35. Bh3 Qc4 36. Bf1 Qe6 37. Bh3 Qc4 1/2-1/2

[Event "Mechanics' Fall TNM; 30/90, SD/30"]
[Site "San Francisco"]
[Date "2013.11.26"]
[Round "6.2"]
[White "Traub, Igor"]
[Black "Wong, Russell"]
[Result "1-0"]
[WhiteElo "2125"]
[BlackElo "2200"]
[PlyCount "71"]
[EventDate "2013.??.??"]

1. Nf3 g6 2. g3 Bg7 3. e4 c5 4. Bg2 Nc6 5. O-O d6 6. h3 Nf6 7. d3 O-O 8. Be3
Rb8 9. Qd2 Qa5 10. Nc3 e5 11. a3 Nd4 12. Nh4 Nh5 13. b4 Qd8 14. Nd5 Be6 15.
Rab1 Bxd5 16. exd5 Nf4 17. c3 Nxg2 18. Kxg2 Nf5 19. Nxf5 gxf5 20. bxc5 dxc5 21.
c4 b6 22. Bh6 Qf6 23. Bxg7 Qxg7 24. f4 f6 25. a4 Kh8 26. a5 b5 27. Qe3 bxc4 28.
dxc4 Rxb1 29. Rxb1 Qc7 30. Rb5 Rc8 31. fxe5 fxe5 32. Qh6 Qf7 33. a6 Re8 34. Rb7
Re7 35. Qd6 Qh5 36. Qd8+ 1-0

[Event "Mechanics' Neil Falconer TNM; 30/90, SD"]
[Site "San Francisco"]
[Date "2013.09.17"]
[Round "7.4"]
[White "Tsodikova, Natalya"]
[Black "Andries, Craig"]
[Result "1-0"]
[WhiteElo "2234"]
[BlackElo "1956"]
[PlyCount "99"]
[EventDate "2013.??.??"]

1. e4 g6 2. d4 Bg7 3. Nc3 d6 4. Be3 c6 5. Qd2 Nd7 6. f3 Qa5 7. O-O-O a6 8. Kb1
b5 9. g4 Nb6 10. e5 b4 11. Ne4 Be6 12. b3 dxe5 13. Nc5 Nd5 14. Ne2 h5 15. Nxe6
fxe6 16. Qd3 Kf7 17. gxh5 Rxh5 18. Rg1 Rf5 19. Bh3 Nxe3 20. Qxe3 exd4 21. Nxd4
Qe5 22. Qxe5 Rxe5 23. Nxc6 Rh5 24. Bg4 Rxh2 25. Nd8+ Kf6 26. Nxe6 Rc8 27. Nd4
e5 28. Bxc8 exd4 29. Rxd4 Ne7 30. Rd6+ Kf7 31. Bxa6 Bc3 32. Bc4+ Kg7 33. Bd3
Rh6 34. Ra6 Bd4 35. Re1 Nd5 36. Bc4 Nc3+ 37. Kc1 Rh4 38. Kd2 Bf6 39. Rxf6 Kxf6
40. a4 Nxa4 41. bxa4 Rxc4 42. Re4 Rc3 43. f4 Rc8 44. Rxb4 Kf5 45. a5 Rc6 46.
Ra4 Rd6+ 47. Ke3 Ra6 48. c3 Ra8 49. a6 Re8+ 50. Kd3 1-0

[Event "Mechanics' Neil Falconer TNM; 30/90, SD"]
[Site "San Francisco"]
[Date "2013.09.24"]
[Round "8.4"]
[White "Tsodikova, Natalya"]
[Black "Askin, Michael"]
[Result "1/2-1/2"]
[WhiteElo "2234"]
[BlackElo "1887"]
[PlyCount "134"]
[EventDate "2013.??.??"]

1. e4 c6 2. d4 d5 3. exd5 cxd5 4. Bd3 Nc6 5. c3 Nf6 6. Bf4 Bg4 7. Qb3 Qc8 8.
Nd2 e6 9. Ngf3 Be7 10. O-O O-O 11. Ne5 Bh5 12. Ndf3 a6 13. a4 Na5 14. Qc2 Bg6
15. Nxg6 hxg6 16. Ne5 Nc6 17. Rfe1 Qd8 18. Qe2 Nxe5 19. dxe5 Nd7 20. c4 Nb6 21.
Red1 Bg5 22. Bg3 dxc4 23. Bxg6 Qe7 24. Be4 a5 25. Qh5 g6 26. Bxg6 fxg6 27.
Qxg6+ Kh8 28. h4 Bxh4 29. Qh6+ Qh7 30. Qxh7+ Kxh7 31. Bxh4 Nd5 32. Rac1 Rf4 33.
Bg3 Rg4 34. Kh2 Kg6 35. Rh1 Rh8+ 36. Kg1 Rxh1+ 37. Kxh1 Kf5 38. Kh2 Rd4 39. f3
Nb4 40. Be1 Nd3 41. Bc3 Nxc1 42. Bxd4 Nb3 43. Bc3 Nc5 44. g4+ Kg6 45. Kg3 Nxa4
46. Bd4 b5 47. Kf2 b4 48. Ke2 Kg5 49. Kd2 Kf4 50. Kc1 Kg5 51. Be3+ Kg6 52. f4
c3 53. b3 Nb2 54. Kc2 a4 55. bxa4 Nxa4 56. Kb3 Nb2 57. Kxb4 Nd1 58. Bc1 c2 59.
Kb3 Nf2 60. g5 Ne4 61. Kxc2 Ng3 62. Kd3 Kf5 63. Kc4 Ne2 64. Kc5 Nxc1 65. Kd6
Nd3 66. g6 Kxg6 67. Kxe6 Nxf4+ 1/2-1/2

[Event "Mechanics' Summer TNM; 30/90, SD/30"]
[Site "San Francisco"]
[Date "2013.05.28"]
[Round "1.3"]
[White "Tsodikova, Natalya"]
[Black "Filho, Murilo"]
[Result "1-0"]
[WhiteElo "2262"]
[BlackElo "1760"]
[PlyCount "61"]
[EventDate "2013.??.??"]

1. e4 c5 2. Nf3 Nc6 3. d3 d6 4. g3 g6 5. Bg2 Bg7 6. O-O Nf6 7. Nbd2 O-O 8. c3
Bg4 9. h3 Bd7 10. a4 Rc8 11. Re1 e5 12. Nc4 Be6 13. Ng5 Re8 14. Nxe6 Rxe6 15.
Ne3 Re8 16. g4 Bh6 17. Qf3 Bg7 18. g5 Nh5 19. Nd5 a6 20. h4 b5 21. Bh3 Rb8 22.
axb5 axb5 23. Bg4 Ne7 24. Nf6+ Nxf6 25. gxf6 h5 26. Bh3 Nc6 27. fxg7 Qxh4 28.
Ra6 Nd8 29. Rxd6 Ra8 30. Qg3 Qe7 31. Rd7 1-0

[Event "Mechanics' Summer TNM; 30/90, SD/30"]
[Site "San Francisco"]
[Date "2013.06.18"]
[Round "4.4"]
[White "Tsodikova, Natalya"]
[Black "Goins, Demetrius"]
[Result "0-1"]
[WhiteElo "2262"]
[BlackElo "2136"]
[PlyCount "86"]
[EventDate "2013.??.??"]

1. e4 c5 2. Nf3 d6 3. d3 Nc6 4. g3 g6 5. Bg2 Bg7 6. O-O e5 7. Re1 Nge7 8. c3
O-O 9. Nbd2 h6 10. a4 Be6 11. Nc4 Qd7 12. Qe2 Rad8 13. b3 Kh7 14. Bb2 f5 15. d4
fxe4 16. Nfd2 Bg4 17. f3 exf3 18. Bxf3 Bxf3 19. Nxf3 e4 20. Nh4 cxd4 21. cxd4
d5 22. Ne5 Nxe5 23. dxe5 Nc6 24. Qe3 Nxe5 25. Bxe5 Bxe5 26. Rad1 b6 27. Rf1 Qb7
28. Qe2 d4 29. Qg4 Qc6 30. Rfe1 e3 31. Rc1 Qd6 32. Qe4 d3 33. Nxg6 Qxg6 34.
Qxe5 d2 35. Rc7+ Rf7 36. Rd1 Rd3 37. Rxf7+ Qxf7 38. Qe4+ Kg7 39. Qg4+ Kf8 40.
Qe2 Rc3 41. Qg4 Qf2+ 42. Kh1 e2 43. Qb4+ Rc5 0-1

[Event "Mechanics' Spring TNM; 30/90, SD/30"]
[Site "San Francisco"]
[Date "2013.04.02"]
[Round "3.13"]
[White "Tsodikova, Natalya"]
[Black "Kottcamp, Jeff"]
[Result "1-0"]
[WhiteElo "2262"]
[BlackElo "1723"]
[PlyCount "67"]
[EventDate "2013.??.??"]

1. e4 c5 2. Nf3 d6 3. d3 Nc6 4. g3 g6 5. Bg2 Bg7 6. O-O Nf6 7. Nbd2 O-O 8. Re1
Ng4 9. c3 Nge5 10. Nxe5 Nxe5 11. Qe2 Qb6 12. Nf1 f5 13. Ne3 fxe4 14. Bxe4 Be6
15. f4 d5 16. Nxd5 Bxd5 17. Bxd5+ e6 18. Bxe6+ Qxe6 19. fxe5 Rf5 20. d4 Raf8
21. Be3 cxd4 22. cxd4 h5 23. b3 Kh7 24. Rf1 Bh6 25. Bxh6 Kxh6 26. Rxf5 Rxf5 27.
Re1 h4 28. Qd2+ Kh5 29. d5 Qb6+ 30. Qe3 Qa6 31. e6 Qd6 32. e7 hxg3 33. e8=Q
gxh2+ 34. Kh1 1-0

[Event "Mechanics' Fall TNM; 30/90, SD/30"]
[Site "San Francisco"]
[Date "2013.12.10"]
[Round "8.2"]
[White "Tsodikova, Natalya"]
[Black "Krasnov, Steven"]
[Result "1-0"]
[WhiteElo "2234"]
[BlackElo "1949"]
[PlyCount "73"]
[EventDate "2013.??.??"]

1. d4 Nc6 2. Bf4 d6 3. Nf3 Bg4 4. d5 Nb8 5. c4 Nf6 6. Nc3 g6 7. Qd2 h6 8. h3
Bd7 9. e4 Bg7 10. Bd3 Na6 11. Be3 c6 12. O-O Qc7 13. Rac1 e5 14. a3 Nc5 15. Bc2
a5 16. Bxc5 dxc5 17. d6 Qb8 18. Nxe5 Nxe4 19. Qf4 Nxd6 20. Rfe1 Kd8 21. Rcd1
Bxe5 22. Qxe5 Re8 23. Qf6+ Kc8 24. Rxe8+ Nxe8 25. Qxf7 Nd6 26. Qf8+ Ne8 27. Qe7
Qc7 28. Bxg6 Qd8 29. Qxd8+ Kxd8 30. Bf5 Nf6 31. Na4 Kc7 32. Bxd7 Nxd7 33. Rxd7+
Kxd7 34. Nb6+ Kd8 35. Nxa8 b5 36. g4 Kc8 37. h4 1-0

[Event "Mechanics' Fall TNM; 30/90, SD/30"]
[Site "San Francisco"]
[Date "2013.12.17"]
[Round "9.2"]
[White "Tsodikova, Natalya"]
[Black "Lacounte, Brendan"]
[Result "1-0"]
[WhiteElo "2234"]
[BlackElo "1921"]
[Annotator "Donaldson"]
[PlyCount "93"]
[EventDate "2013.??.??"]

1. d4 d5 2. Bf4 Nf6 3. e3 c5 4. c3 Nc6 5. Nf3 Qb6 6. Qc1 Bf5 7. Nbd2 e6 8. Be2
Nh5 9. Bg3 Nxg3 10. hxg3 h6 11. a4 a6 12. dxc5 Bxc5 13. b4 Bd6 14. b5 Ne5 15.
O-O Nd3 16. Qd1 Rc8 17. Nd4 Bg6 18. a5 Qc7 19. Nb1 Nb2 20. Qc1 Nc4 21. Nd2 e5
22. Nxc4 dxc4 23. b6 Qd7 24. Nf3 O-O 25. Rd1 Qe6 26. Ra4 Rfd8 27. Rd2 Be7 28.
Rxd8+ Bxd8 29. Qf1 Bd3 30. Bxd3 cxd3 31. Qxd3 Qc6 32. Nxe5 Qxa4 33. Qf5 Rc6 34.
Qxf7+ Kh7 35. Qf5+ Kg8 36. Qf7+ Kh7 37. Qf5+ Kg8 38. Nxc6 Qxc6 39. Qd3 Bf6 $17
40. c4 Qa4 $2 41. Qd5+ Kh7 $2 (41... Kf8 42. Qxb7 Qd1+ 43. Kh2 Qh5+ $11) 42. f4
Qa1+ (42... Qe8 43. Kf2 Qe7 44. c5 $18) 43. Kh2 Bc3 44. Qxb7 Qxa5 45. Qe4+ Kg8
46. Qe8+ Kh7 47. b7 1-0

[Event "Mechanics' Fall TNM; 30/90, SD/30"]
[Site "San Francisco"]
[Date "2013.11.12"]
[Round "4.3"]
[White "Tsodikova, Natalya"]
[Black "Maser, Thomas"]
[Result "1-0"]
[WhiteElo "2234"]
[BlackElo "1900"]
[PlyCount "83"]
[EventDate "2013.??.??"]

1. d4 Nf6 2. Nf3 e6 3. Bg5 Be7 4. e3 O-O 5. Bd3 d5 6. Nbd2 h6 7. Bh4 c5 8. c3
b6 9. Ne5 Nfd7 10. Bg3 Bb7 11. O-O Bh4 12. f4 Bxg3 13. hxg3 Nxe5 14. dxe5 d4
15. cxd4 Nc6 16. Ne4 cxd4 17. Nd6 Rb8 18. Be4 Na5 19. Qxd4 Bxe4 20. Qxe4 Qe7
21. Rfd1 Nb7 22. Rd4 f6 23. exf6 Rxf6 24. Rad1 Nc5 25. Qe5 Nd7 26. Qh5 e5 27.
Nc8 Qc5 28. Ne7+ Qxe7 29. Rxd7 Qc5 30. Qxe5 Qxe5 31. fxe5 Rf5 32. e6 Re5 33. e7
Re8 34. Rxa7 Rxe3 35. Rdd7 Kf7 36. Rab7 Ke6 37. Rd2 Rxe7 38. Rxb6+ Kf7 39. a4
Re1+ 40. Kf2 Ra1 41. b3 Ke8 42. Re2 1-0

[Event "Mechanics' Neil Falconer TNM; 30/90, SD"]
[Site "San Francisco"]
[Date "2013.08.27"]
[Round "4.4"]
[White "Tsodikova, Natalya"]
[Black "Royzen, Igor"]
[Result "1-0"]
[WhiteElo "2234"]
[BlackElo "1807"]
[PlyCount "93"]
[EventDate "2013.??.??"]

1. e4 c5 2. Nf3 Nc6 3. Bb5 g6 4. O-O Bg7 5. c3 Nf6 6. Re1 O-O 7. d4 cxd4 8.
cxd4 d5 9. e5 Ne4 10. Nbd2 Nxd2 11. Bxd2 Bg4 12. Bxc6 bxc6 13. h3 Bxf3 14. Qxf3
Qb6 15. Qc3 a5 16. b3 Rfc8 17. Rac1 e6 18. Qc5 Qa6 19. Bg5 Bf8 20. Be7 Bxe7 21.
Qxe7 Ra7 22. Qd6 Rac7 23. Rc3 Qb6 24. Qc5 Qb4 25. Rec1 Rb7 26. Qxb4 Rxb4 27.
Rxc6 Rxc6 28. Rxc6 Rxd4 29. Ra6 Rd1+ 30. Kh2 Rd2 31. Rxa5 Rxf2 32. b4 d4 33.
Kg3 Rb2 34. b5 d3 35. Kf3 Kf8 36. Ke3 d2 37. Ke2 Ke7 38. a4 Ra2 39. Ra6 Kd7 40.
a5 Kc8 41. Rc6+ Kb7 42. a6+ Ka7 43. Rc7+ Kb6 44. Rb7+ Kc5 45. a7 Kd5 46. b6 Kc6
47. Rb8 1-0

[Event "Mechanics' Fall TNM; 30/90, SD/30"]
[Site "San Francisco"]
[Date "2013.11.19"]
[Round "5.1"]
[White "Tsodikova, Natalya"]
[Black "Shakhnazarov, Oleg"]
[Result "1-0"]
[WhiteElo "2234"]
[BlackElo "2187"]
[PlyCount "69"]
[EventDate "2013.??.??"]

1. d4 d5 2. Bf4 Nf6 3. e3 Nbd7 4. Nd2 e6 5. Bd3 Be7 6. c3 c5 7. Ngf3 h6 8. Ne5
Nxe5 9. dxe5 Nd7 10. Bg3 h5 11. f4 c4 12. Bc2 Qb6 13. O-O g6 14. Bf2 Bc5 15. e4
Bxf2+ 16. Rxf2 Nc5 17. b4 cxb3 18. axb3 O-O 19. b4 Na6 20. Nf3 Bd7 21. exd5
exd5 22. Qxd5 Be6 23. Qd4 Qc7 24. f5 Rad8 25. Qe3 Bd5 26. Qh6 f6 27. Qxg6+ Qg7
28. Qxg7+ Kxg7 29. e6 Rc8 30. Ba4 Rg8 31. Re1 Nc7 32. Bd7 Rcd8 33. Nd4 Kh6 34.
Nb5 Rg7 35. Nxc7 1-0

[Event "Mechanics' Fall TNM; 30/90, SD/30"]
[Site "San Francisco"]
[Date "2013.10.22"]
[Round "1.2"]
[White "Tsodikova, Natalya"]
[Black "Shnaiderman, Lazar"]
[Result "1/2-1/2"]
[WhiteElo "2234"]
[BlackElo "1802"]
[PlyCount "92"]
[EventDate "2013.??.??"]

1. e4 c5 2. Nf3 g6 3. d3 Nc6 4. g3 Bg7 5. Bg2 d5 6. Nbd2 Nf6 7. O-O O-O 8. Re1
dxe4 9. dxe4 e5 10. c3 h6 11. Qc2 Be6 12. Nf1 Qc7 13. Ne3 Rfd8 14. b3 b6 15.
Bb2 Rd7 16. Bf1 a6 17. a4 Ne8 18. Rad1 Rxd1 19. Rxd1 Nd6 20. Nd5 Bxd5 21. exd5
Ne7 22. c4 e4 23. Bxg7 Kxg7 24. Nd2 f5 25. Bg2 Ng8 26. Qc3+ Nf6 27. b4 Re8 28.
b5 a5 29. Nf1 Qe7 30. Ne3 Qe5 31. Qxe5 Rxe5 32. Kf1 Nd7 33. Ke2 Re8 34. Kd2 Ne5
35. Kc3 Kf6 36. h4 h5 37. Bf1 Nf3 38. Nc2 Ne5 39. Be2 Re7 40. Ne1 Nef7 41. Ng2
Nd8 42. Kd2 N8f7 43. f3 exf3 44. Bxf3 Ne5 45. Be2 Ndf7 46. Nf4 Nd6 1/2-1/2

[Event "Mechanics' Spring TNM; 30/90, SD/30"]
[Site "San Francisco"]
[Date "2013.04.16"]
[Round "5.5"]
[White "Tsodikova, Natalya"]
[Black "Todortsev, Victor"]
[Result "1-0"]
[WhiteElo "2262"]
[BlackElo "1910"]
[PlyCount "85"]
[EventDate "2013.??.??"]

1. e4 e5 2. Nf3 Nc6 3. d4 exd4 4. Nxd4 d6 5. Nc3 Nf6 6. f3 Be7 7. Be3 O-O 8.
Qd2 Nxd4 9. Qxd4 Be6 10. O-O-O a6 11. g4 b5 12. Be2 c5 13. Qd2 Qa5 14. Kb1 b4
15. Nd5 Nxd5 16. exd5 Bd7 17. Bc4 Bb5 18. Qd3 Rfe8 19. Bf4 Bxc4 20. Qxc4 Qb5
21. b3 Qb6 22. g5 a5 23. Rd2 a4 24. h4 axb3 25. cxb3 Bf8 26. h5 Ra7 27. g6 h6
28. Rg2 f6 29. Rhg1 Rae7 30. Bd2 Qa7 31. Rg4 Re2 32. R1g2 Qe7 33. Kc2 f5 34.
Rxe2 Qxe2 35. Rf4 Qxc4+ 36. bxc4 Re5 37. Rh4 Be7 38. Rh2 f4 39. Kd3 Bg5 40. Re2
Rxe2 41. Kxe2 Kf8 42. Kd3 Ke7 43. Ke4 1-0

[Event "Mechanics' Spring TNM; 30/90, SD/30"]
[Site "San Francisco"]
[Date "2013.03.19"]
[Round "1.2"]
[White "Tsodikova, Natalya"]
[Black "Woebcke, Carl"]
[Result "0-1"]
[WhiteElo "2262"]
[BlackElo "1752"]
[PlyCount "70"]
[EventDate "2013.??.??"]

1. e4 c5 2. Nf3 d6 3. d3 g6 4. g3 Bg7 5. Bg2 Nc6 6. O-O e6 7. Nbd2 Nge7 8. Re1
O-O 9. Nf1 f5 10. exf5 exf5 11. c3 Qb6 12. Ng5 Rf6 13. Ne3 h6 14. Nh3 Be6 15.
Nf4 Bf7 16. Ned5 Nxd5 17. Nxd5 Bxd5 18. Bxd5+ Kf8 19. Qe2 Qc7 20. h4 Qd7 21.
Bf4 Ne7 22. Be6 Qc7 23. Qe3 Re8 24. Bxh6 Nc6 25. Bxg7+ Kxg7 26. Qf4 Rfxe6 27.
Rxe6 Rxe6 28. h5 Qf7 29. h6+ Kh7 30. Kg2 Qf6 31. Rh1 Qe5 32. Qc4 g5 33. Qb5
Qd5+ 34. f3 Re2+ 35. Kg1 Qe5 0-1

[Event "Mechanics' Spring TNM; 30/90, SD/30"]
[Site "San Francisco"]
[Date "2013.05.07"]
[Round "8.4"]
[White "Tsodikova, Natalya"]
[Black "Wong, Russell"]
[Result "0-1"]
[WhiteElo "2262"]
[BlackElo "2200"]
[PlyCount "55"]
[EventDate "2013.??.??"]

1. e4 Nf6 2. e5 Nd5 3. c4 Nb6 4. b3 d6 5. exd6 exd6 6. Bb2 d5 7. Nf3 Qe7+ 8.
Be2 dxc4 9. bxc4 Be6 10. O-O Nc6 11. d4 Nxc4 12. Bxc4 Bxc4 13. Re1 Be6 14. d5
O-O-O 15. Nc3 Qc5 16. Ng5 Bxd5 17. Qg4+ Be6 18. Rxe6 fxe6 19. Nxe6 Qb4 20. Qxb4
Bxb4 21. Nxd8 Rxd8 22. Ne4 g6 23. Bf6 Rd3 24. g4 Rf3 25. g5 Rf4 26. Ng3 Bc5 27.
Rf1 Nb4 28. Kg2 {remainder illegible} 0-1

[Event "Mechanics' Neil Falconer TNM; 30/90, SD"]
[Site "San Francisco"]
[Date "2013.08.20"]
[Round "3.14"]
[White "Uzzaman, Ashik"]
[Black "Allen, Tom"]
[Result "1/2-1/2"]
[WhiteElo "1908"]
[BlackElo "1574"]
[PlyCount "127"]
[EventDate "2013.??.??"]

1. e4 e5 2. f4 d5 3. exd5 c6 4. Qe2 cxd5 5. Qxe5+ Be7 6. Nc3 Nf6 7. Nf3 O-O 8.
Be2 Nc6 9. Qg5 Nb4 10. Kd1 Ne4 11. Nxe4 Bxg5 12. Nexg5 Qf6 13. c3 Nc6 14. d4 h6
15. Nh3 Qg6 16. Rg1 Bf5 17. Nf2 Bc2+ 18. Kd2 Rfe8 19. g4 Qe6 20. Ne5 Nxe5 21.
fxe5 Bh7 22. Bb5 Re7 23. Nd3 Bxd3 24. Bxd3 Qb6 25. Rg2 Rae8 26. Kc2 f6 27. exf6
Qxf6 28. Bd2 Qf3 29. Rag1 Re2 30. Bxe2 Rxe2 31. Rxe2 Qxe2 32. Re1 Qxg4 33. Re7
Qc8 34. Re5 Qd7 35. Bf4 Qa4+ 36. Kc1 Qd7 37. Re3 b5 38. a3 a5 39. Rg3 g5 40.
Be5 b4 41. axb4 axb4 42. cxb4 Qb5 43. h4 Qf1+ 44. Kc2 Qf5+ 45. Kb3 g4 46. b5
Qd7 47. Kb4 h5 48. Kc5 Qb7 49. b6 Kf7 50. Bc7 Ke6 51. b4 Qa6 52. b5 Qa4 53.
Re3+ Kd7 54. Kxd5 Qxb5+ 55. Ke4 Kc6 56. Kf4 Qd5 57. Re4 Qf7+ 58. Kg5 Qg7+ 59.
Kxh5 Qh7+ 60. Kxg4 Qxe4+ 61. Kg5 Qxd4 62. h5 Qg7+ 63. Kf5 Qh6 ({After} 63...
Qh6 64. Kg4 {B has a win here, by} Kd5 65. Kf5 (65. b7 Qg7+) (65. Kh4 Qf6+ 66.
Kg4 Ke4 $1) 65... Qxh5+) 64. Kg4 1/2-1/2

[Event "Mechanics' Neil Falconer TNM; 30/90, SD"]
[Site "San Francisco"]
[Date "2013.10.01"]
[Round "9.11"]
[White "Uzzaman, Ashik"]
[Black "Bachseitz, Martin"]
[Result "1/2-1/2"]
[WhiteElo "1908"]
[BlackElo "1631"]
[PlyCount "174"]
[EventDate "2013.??.??"]

1. e4 c5 2. Nc3 g6 3. f4 Bg7 4. Nf3 d6 5. Bb5+ Bd7 6. O-O Bxb5 7. Nxb5 Qd7 8.
Qe2 a6 9. Nc3 Nc6 10. Nd5 Nd4 11. Nxd4 Bxd4+ 12. Kh1 Qc6 13. c3 Bg7 14. a4 e6
15. a5 Nf6 16. Nb6 Rd8 17. d3 d5 18. exd5 Nxd5 19. f5 Nxb6 20. axb6 e5 21. Be3
O-O 22. Rad1 Rd6 23. Qf2 Rc8 24. fxg6 fxg6 25. Qf7+ Kh8 26. Qc4 Rf6 27. Rxf6
Bxf6 28. Rf1 Kg7 29. h4 Qxb6 30. b4 Qc6 31. Bxc5 Rc7 32. Qg4 b6 33. Be3 Re7 34.
Bd2 Qd5 35. Rf3 Re6 36. c4 Qd6 37. h5 Qc6 38. Rh3 Be7 39. Bc3 g5 40. Qf5 Qd6
41. d4 exd4 42. Bxd4+ Bf6 43. Qxg5+ Kf7 44. Qf5 Qxd4 45. Qxh7+ Bg7 46. Rf3+ Rf6
47. Qg6+ Kg8 48. Qe8+ Kh7 49. Rxf6 Qxf6 50. Qe4+ Kg8 51. Qd5+ Qf7 52. Qd8+ Qf8
53. Qxb6 Qf1+ 54. Kh2 Be5+ 55. Kh3 Qf5+ 56. g4 Qf3+ 57. Kh4 Bg3+ 58. Kg5 Qf4+
59. Kg6 Qe4+ 60. Kf6 Be5+ 61. Ke6 Bc7+ 62. Kd7 Bxb6 63. c5 Ba7 64. c6 Qd5+ 65.
Kc7 Qf7+ 66. Kd6 Qf8+ 67. Kd7 Qf7+ 68. Kd6 Qe8 69. c7 Bb6 70. g5 Qc8 71. h6
Qxc7+ 72. Kd5 Kh7 73. Ke6 Kg6 74. b5 axb5 75. h7 Kxh7 76. Kf6 Qd8+ 77. Kf5 Qg8
78. g6+ Qxg6+ 79. Ke5 Qg5+ 80. Kd6 Qf5 81. Ke7 Bc5+ 82. Kd8 Qd5+ 83. Kc7 Bd6+
84. Kd7 Qc5 85. Kd8 Be7+ 86. Kd7 Qd6+ 87. Ke8 Kg7 {
Stalemate!! Black only had a few seconds left for the last 20 moves or so.}
1/2-1/2

[Event "Mechanics' Winter TNM; 30/90, SD/30"]
[Site "San Francisco"]
[Date "2013.01.08"]
[Round "1.21"]
[White "Uzzaman, Ashik"]
[Black "Brown, Nicholas"]
[Result "0-1"]
[WhiteElo "1972"]
[BlackElo "1471"]
[PlyCount "110"]
[EventDate "2013.??.??"]

1. e4 c6 2. d4 d5 3. exd5 cxd5 4. Bd3 Nf6 5. Ne2 e6 6. O-O Bd6 7. c3 O-O 8. Na3
Bd7 9. Qc2 Qc7 10. Bg5 Ne4 11. Bxe4 dxe4 12. Qxe4 Bxh2+ 13. Kh1 Bc6 14. Qg4 f5
15. Qh3 Bd6 16. Rae1 Bd7 17. f4 Nc6 18. Nb5 Qb8 19. Nxd6 Qxd6 20. Nc1 Ne7 21.
Nd3 Bb5 22. Rf3 Bxd3 23. Rxd3 Ng6 24. Rde3 Rae8 25. Qg3 Rf7 26. R1e2 Nf8 27.
Re5 Nd7 28. Ra5 a6 29. Bh6 b5 30. a4 bxa4 31. Rxa4 Nf6 32. Bg5 Ne4 33. Qe1 Ra7
34. Ra5 h6 35. Bh4 Qxf4 36. Re3 g5 37. Bg3 Nxg3+ 38. Rxg3 Qh4+ 39. Kg1 f4 40.
Re3 fxe3 41. Qxe3 Qf4 42. Qd3 Qf6 43. b4 Rf8 44. b5 Qf2+ 45. Kh2 Qf5 46. Qe2
Raf7 47. Rxa6 Qf4+ 48. Kg1 Qc1+ 49. Kh2 Rf2 50. Qxe6+ R2f7 51. Qd5 Qf4+ 52. Kg1
Kg7 53. c4 Qf2+ 54. Kh2 Qh4+ 55. Kg1 Rf1# 0-1

[Event "Mechanics' Spring TNM; 30/90, SD/30"]
[Site "San Francisco"]
[Date "2013.04.30"]
[Round "7.7"]
[White "Uzzaman, Ashik"]
[Black "Byambaa, Uyanga"]
[Result "0-1"]
[WhiteElo "1987"]
[BlackElo "2113"]
[PlyCount "94"]
[EventDate "2013.??.??"]

1. e4 c5 2. Nc3 g6 3. f4 Bg7 4. Nf3 Nc6 5. Bb5 Nd4 6. O-O a6 7. Bc4 e6 8. a4
Ne7 9. Nxd4 cxd4 10. Ne2 d5 11. exd5 Nxd5 12. c3 dxc3 13. bxc3 O-O 14. Ba3 Qb6+
15. Kh1 Rd8 16. a5 Qc7 17. Qb3 b5 18. Bxd5 Rxd5 19. Bc1 Bb7 20. d4 Qc6 21. Rf2
Rh5 22. Bd2 Rc8 23. Ng1 Qe4 24. Qb1 Qd5 25. Nf3 f6 26. Ne1 Qd7 27. Kg1 e5 28.
Qd3 exd4 29. Qxd4 Rd5 30. Qa7 Rd8 31. Nf3 Bf8 32. Be3 Ra8 33. Qb6 Rd6 34. Rd2
Rxd2 35. Nxd2 Re8 36. Nf3 Qd5 37. Bd4 Re6 38. Qc7 Re2 39. Bf2 g5 40. fxg5 Rxf2
41. Kxf2 Bc5+ 42. Ke2 Qc4+ 43. Kd1 Bxf3+ 44. gxf3 Qd3+ 45. Ke1 Qxc3+ 46. Ke2
Qc2+ 47. Ke1 Bb4+ 0-1

[Event "Mechanics' Summer TNM; 30/90, SD/30"]
[Site "San Francisco"]
[Date "2013.06.18"]
[Round "4.17"]
[White "Uzzaman, Ashik"]
[Black "Campers, Willie"]
[Result "0-1"]
[WhiteElo "1926"]
[BlackElo "1656"]
[PlyCount "90"]
[EventDate "2013.??.??"]

1. e4 e6 2. d4 d5 3. Nc3 Nf6 4. Bg5 Be7 5. e5 Nfd7 6. Bxe7 Qxe7 7. Qg4 O-O 8.
Nf3 a6 9. Bd3 f5 10. Qh3 c5 11. O-O-O cxd4 12. Ne2 Nc6 13. g4 Ndxe5 14. gxf5
Nxd3+ 15. Rxd3 Rxf5 16. Rg1 e5 17. Rb3 e4 18. Nfxd4 Nxd4 19. Nxd4 Rxf2 20. Qh5
Qf7 21. Qe5 Qf4+ 22. Qxf4 Rxf4 23. Rbg3 g6 24. Rg5 Bh3 25. Rxd5 e3 26. Ne2 Rf2
27. Nc3 e2 28. Kd2 Bf1 29. Ne4 Rxh2 30. Rd7 Rf8 31. Nc5 Re8 32. Ke1 Rc8 33. b4
b6 34. Nd3 Rxc2 35. Rd8+ Kg7 36. Rd7+ Kh6 37. a4 Ra2 38. Nf2 Ra1+ 39. Nd1 Rh4
40. b5 axb5 41. axb5 Rb4 42. Rh1+ Kg5 43. Rg1+ Kf6 44. Rxf1+ exf1=Q+ 45. Kxf1
Rxb5 0-1

[Event "Mechanics' Fall TNM; 30/90, SD/30"]
[Site "San Francisco"]
[Date "2013.10.22"]
[Round "1.16"]
[White "Uzzaman, Ashik"]
[Black "Chandrasekaran, Siddarth"]
[Result "1-0"]
[WhiteElo "1923"]
[BlackElo "1400"]
[PlyCount "85"]
[EventDate "2013.??.??"]

1. e4 e5 2. f4 d6 3. Nf3 Bg4 4. Bc4 Nf6 5. Nc3 Nbd7 6. O-O c6 7. Qe1 Bxf3 8.
Rxf3 exf4 9. Rxf4 Ne5 10. Bb3 Qb6+ 11. Kh1 O-O-O 12. Na4 Qa5 13. Qe2 Re8 14. d3
d5 15. Bd2 Qc7 16. Rxf6 gxf6 17. exd5 c5 18. Rf1 Bg7 19. Be3 h5 20. d6 Qxd6 21.
Bxc5 Qc7 22. Qd2 Ng4 23. Bg1 Bh6 24. Qb4 Be3 25. Qc4 Qxc4 26. Bxc4 Bxg1 27.
Kxg1 Ne3 28. Rxf6 Nxc4 29. dxc4 Re7 30. Nc3 Rd7 31. Nb5 a6 32. Nd6+ Kc7 33. c5
h4 34. Rxf7 Rxf7 35. Nxf7 Re8 36. b4 Re2 37. a4 Rxc2 38. Ne5 Rb2 39. Nd3 Ra2
40. g4 h3 41. Nf4 Rxa4 $19 42. g5 Rxb4 $4 43. Nd5+ 1-0

[Event "Mechanics' Spring TNM; 30/90, SD/30"]
[Site "San Francisco"]
[Date "2013.03.19"]
[Round "1.16"]
[White "Uzzaman, Ashik"]
[Black "Gardiner, Paul"]
[Result "1-0"]
[WhiteElo "1987"]
[BlackElo "1605"]
[PlyCount "45"]
[EventDate "2013.??.??"]

1. e4 c6 2. d4 d5 3. exd5 cxd5 4. Bd3 Nc6 5. c3 Nf6 6. Bf4 e6 7. Nf3 Bd6 8.
Bxd6 Qxd6 9. O-O O-O 10. Na3 a6 11. Re1 Re8 12. Ne5 Rb8 13. Re3 b5 14. Nc2 Bd7
15. Qe2 Ne7 16. Re1 a5 17. a3 Rec8 18. Rh3 g6 19. Qf3 Kg7 20. Rxh7+ Nxh7 21.
Qxf7+ Kh8 22. Bxg6 Nf8 23. Re3 1-0